LDR 00600naa#a2200169#i#450# 001 EN\\bibl\118236 005 20260702074329.4 011 ## _a2782-4586 100 ## _a20260630b2026####ek#y0engy0150####ca 102 ## _aRU 200 1# _aMethodological foundations and directions for analyzing budget assignments for income and expenses in the institution's management system _eJournal article 210 1# _aMoscow _cITBO University _d2026 215 ## _a11 с. 608 ## _aJournal article _2local 675 ## _aБухгалтерия. Счетоводство. 657 _z 700 #1 _aNasakina _gLiliya Arkad'evna 856 4# _ajomeam.ru _u